dead by daylight - Czy znasz imiona i nazwiska ocalałych z gry - Statystyki

Ogólne statystyki
  • Ten quiz został rozwiązany 29 razy
  • Średni wynik to 9 z 16
Statystyki odpowiedzi
Obrazkowy Odpowiedź % Poprawnych
Claudette Morel
82%
Feng Min
82%
Laurie Strode
82%
Dwight Fairfield
73%
Nancy Wheeler
73%
Meg Thomas
68%
Quentin Smith
59%
Steve Harrington
59%
Yui Kimura
59%
Adam Francis
55%
Leon Kennedy
55%
Renato Lyra
41%
Yun-Jin Lee
41%
Haddie Kaur
36%
Jonah Vasquez
36%
Cheryl Mason
32%
Nie znaleziono quizów pasujących do podanych kryteriów
Rozkład punktacji
Procent ludzi z każdym wynikiem
Percentyl według liczby udzielonych odpowiedzi
Twoja historia wyników
Nie rozwiązałeś tego quizu